000 00363nam a22001337a 4500
008 181126b xxu||||| |||| 00| 0 eng d
020 _a9780834209299
041 _aeng
080 _a610
100 _a4
101 _aSHM
245 _aFuctional Assessment And Outcome Measures For Regabilitation Health Professional
_cDittmar.SH.S
942 _2udc
_cBK
999 _c52472
_d52472